000 00524 a2200157 4500
020 _a0865314454
082 _a958.1044
090 _c1263
_d1263
100 1 0 _aHammond, Thomas T
245 1 0 _aRed flag over Afghanistan
_b: the Communist coup, the Soviet invasion, and the consequences
_c/ Thomas T. Hammond.
260 _aBoulder, Colo.
_b: Westview Press,
_c1984.
300 _axvii, 262 p.
_c; 24 cm.
500 _aIncludes index.
651 0 _aAfghanistan
_xHistory
_ySoviet Occupation, 1979-1989.
942 _cBK
_k958.1044 HAM
999 _c5221
_d5221